| 000 | 01072nam a22002897a 4500 | ||
|---|---|---|---|
| 001 | 1400 | ||
| 005 | 20250808150241.0 | ||
| 020 | _a9780061703782 (pbk. bdg.) | ||
| 020 | _a9780061703782 | ||
| 040 |
_aDLC _cDLC _beng _dFISKH |
||
| 050 | 0 | 0 | _aPZ7.O222 |
| 082 | _aFic | ||
| 100 | 1 | _aO'Connor, Jane. | |
| 245 | 1 | 0 |
_aFancy Nancy and the sensational babysitter / _cJane O'Connor, interior illustrations by Aleksey and Olga Ivanov. |
| 250 | _a1st ed. | ||
| 260 |
_aNew York : _bHarperFestival, _c2010. |
||
| 300 |
_a22 pages : _billustrations ; _c21 cm |
||
| 490 | 0 | _aFancy Nancy | |
| 505 | _aF | ||
| 520 | _aNancy is excited about her new babysitter coming over and has the whole evening planned out. But things don't turn out quite the way she expected. Her babysitter, Alex, is a teenager, but Alex is a boy, not a girl! | ||
| 521 |
_a420
_bLexile estimate |
||
| 521 |
_aF
_bRaz-Plus |
||
| 700 | 1 |
_aIvanov, A. _q(Aleksey), _eillustrator |
|
| 700 | 1 |
_aIvanov, O. _q(Olga), _eillustrator |
|
| 906 |
_a7 _bcbc _corignew _d4 _eepcn _f20 _gy-gencatlg |
||
| 942 |
_2ddc _cBK _n0 |
||
| 999 |
_c1400 _d1400 |
||